Dievča a šuhaj v Bošáci. (Trenčin)

Podrobná bibliografia
Médium: Fotografia
Jazyk:slovenčina
PhysicalDescription:1 pohľadnica čiernobiela 14 x 9 cm
Vydavateľské údaje: Turčiansky Sv. Martin P. Socháň [1906]
Edícia:Slovenské kroje.
Predmet:

MARC

LEADER 00000ckm a2200000 a 4500
001 vtls010266882
003 SK-MaSNL
005 20260301031617.0
007 kf bo
008 251029q1906 xo g kuslo
015 |a SNBG 
035 |a A8FBE4AD-35CD-4170-9C7C-BE68BD52E9D2 
035 |a urn:nbn:sk:snk-kmxvp8 
035 |a urn:nbn:sk:snk-km004wzp 
040 |a SNK  |b slo  |c SNK  |e AACR2 
041 0 |a slo 
043 |a e-xo--- 
044 |a xo  |c SK 
080 |a (084.121)  |2 2001 
080 |a 908(437.613)  |2 2001 
080 |a 391  |2 2001 
080 |a 39  |2 2001 
245 0 0 |a Dievča a šuhaj v Bošáci. (Trenčin)  |h grafika 
260 |a Turčiansky Sv. Martin  |b P. Socháň  |c [1906] 
300 |a 1 pohľadnica  |b čiernobiela  |c 14 x 9 cm 
490 1 |a Slovenské kroje.  |v 9 
650 0 7 |a ľudové odevy  |2 SNKPH  |9 85297 
650 0 7 |a etnografia  |2 SNKPH  |9 950 
651 7 |a Bošáca (Slovensko)  |2 SNKPH  |9 15972 
655 7 |a miestne pohľadnice  |2 SNKPH  |9 70510 
655 7 |a žánrové pohľadnice  |2 SNKPH  |9 70524 
830 0 |a Slovenské kroje.  |9 326931 
852 |a Slovenská národná knižnica 
958 |a GC 
958 |a GBN 
958 |a ONDV 
999 |c 577007  |d 578937 
952 |a SNK  |b SNK  |y PREZ  |7 0  |p 17A0693518  |o snkSP 424  |i snk424/84  |0 0  |1 0  |4 0  |d 2011-03-28  |f 1  |l 0  |r 2026-02-23 14:37:04  |w 2026-02-23